000 01461nam a22003977a 4500
001 2541601
003 OSt
005 20210419081653.0
008 940513s1994 nyua 000 0aeng
010 _a 94020131
020 _a0312113420
040 _aDLC
_cDLC
_dDLC
_beng
041 _aeng
043 _ae-uk-en
050 0 0 _aSF445.5
_b.H47 1994
080 _a821.111
_bH-58
082 0 0 _a636.8
_220
100 1 _aHerriot, James.
240 1 0 _aCat stories
245 1 0 _aJames Herriot's cat stories /
_cJames Herriot ; with illustrations by Lesley Holmes.
_b/ by: St. Martin's Press
246 3 0 _aCat stories
250 _a1st edition
260 _aNew York
_bSt. Martin's Press
_c1994.
300 _axiii, 161 p.
_bcol. ill. ;
_c20 cm.
365 _b16.95 usd
650 0 _aCats
_zEngland
_zYorkshire
_xAnecdotes.
650 0 _aEnglish literature
_9254
650 0 _aCats
_zEngland
_zYorkshire
_xBiography.
650 0 _aVeterinarians
_zEngland
_zYorkshire
_xBiography.
653 _aინგლისური ლიტერატურა
856 4 2 _3Contributor biographical information
_uhttp://www.loc.gov/catdir/enhancements/fy1001/94020131-b.html
856 4 2 _3Publisher description
_uhttp://www.loc.gov/catdir/enhancements/fy1001/94020131-d.html
906 _a7
_bcbc
_corignew
_d1
_eocip
_f19
_gy-gencatlg
942 _2udc
_cBK
_e1
999 _c1856
_d1856